All WWE Champions - Statistics

General Stats
  • This quiz has been taken 23 times
  • The average score is 198 of 245
Answer Stats
Championship Dates Held Won at Answer % Correct
(Undisputed) WW(F)E (World Heavyweight) Championship August 25- November 17, 2002 SummerSlam Brock Lesnar
100%
(Undisputed) WW(F)E (World Heavyweight) Championship March 30- July 27, 2003 WrestleMania XIX Brock Lesnar
100%
(Undisputed) WW(F)E (World Heavyweight) Championship September 18, 2003- February 15, 2004 SmackDown Brock Lesnar
100%
(Undisputed) WW(F)E (World Heavyweight) Championship August 17, 2014- March 29, 2015 SummerSlam Brock Lesnar
100%
(Undisputed) WW(F)E (World Heavyweight) Championship October 4, 2019- April 5, 2020 SmackDown Brock Lesnar
100%
(Undisputed) WW(F)E (World Heavyweight) Championship January 1- 29, 2022 Day 1 Brock Lesnar
100%
(Undisputed) WW(F)E (World Heavyweight) Championship February 19- April 3, 2022 Elimination Chamber Brock Lesnar
100%
Universal Championship April 2, 2017- August 19, 2018 WrestleMania 33 Brock Lesnar
100%
Universal Championship November 2, 2018- April 7, 2019 Crown Jewel Brock Lesnar
100%
Universal Championship July 14- August 11, 2019 Extreme Rules Brock Lesnar
100%
(Undisputed) WW(F)E (World Heavyweight) Championship October 12, 1992- April 4, 1993 House show Bret Hart
93%
(Undisputed) WW(F)E (World Heavyweight) Championship March 20- November 23, 1994 WrestleMania X Bret Hart
93%
(Undisputed) WW(F)E (World Heavyweight) Championship November 19, 1995- March 31, 1996 Survivor Series Bret Hart
93%
(Undisputed) WW(F)E (World Heavyweight) Championship February 16- 17, 1997 In Your House 13 Bret Hart
93%
(Undisputed) WW(F)E (World Heavyweight) Championship August 3- November 9, 1997 SummerSlam Bret Hart
93%
(Undisputed) WW(F)E (World Heavyweight) Championship December 9, 2001- March 17, 2002 Vengeance Chris Jericho
93%
World Heavyweight Championship (2002-2013) September 7- October 26, 2008 Unforgiven Chris Jericho
93%
World Heavyweight Championship (2002-2013) November 3- 23, 2008 Raw Chris Jericho
93%
World Heavyweight Championship (2002-2013) February 21- April 2, 2010 Elimination Chamber Chris Jericho
93%
(Undisputed) WW(F)E (World Heavyweight) Championship April 5- October 25, 2020 WrestleMania 36 (Night 2) Drew McIntyre
93%
(Undisputed) WW(F)E (World Heavyweight) Championship November 16, 2020- February 21, 2021 Raw Drew McIntyre
93%
(Undisputed) WW(F)E (World Heavyweight) Championship January 9- March 6, 2026 SmackDown Drew McIntyre
93%
World Heavyweight Championship (2023-present) April 7, 2024 WrestleMania XL (Night 2) Drew McIntyre
93%
(Undisputed) WW(F)E (World Heavyweight) Championship January 8- 29, 2006 New Year's Revolution Edge
93%
(Undisputed) WW(F)E (World Heavyweight) Championship July 3- September 17, 2006 Raw Edge
93%
(Undisputed) WW(F)E (World Heavyweight) Championship November 23- December 14, 2008 Survivor Series Edge
93%
(Undisputed) WW(F)E (World Heavyweight) Championship January 25- February 15, 2009 Royal Rumble Edge
93%
World Heavyweight Championship (2002-2013) May 8- July 17, 2007 SmackDown Edge
93%
World Heavyweight Championship (2002-2013) December 16, 2007- March 30, 2008 Armageddon Edge
93%
World Heavyweight Championship (2002-2013) June 1- 30, 2008 One Night Stand Edge
93%
World Heavyweight Championship (2002-2013) February 15- April 5, 2009 No Way Out Edge
93%
World Heavyweight Championship (2002-2013) April 26- June 7, 2009 Backlash Edge
93%
World Heavyweight Championship (2002-2013) December 19, 2010- February 18, 2011 TLC: Tables, Ladders & Chairs Edge
93%
World Heavyweight Championship (2002-2013) February 18- April 15, 2011 SmackDown Edge
93%
(Undisputed) WW(F)E (World Heavyweight) Championship January 23, 1984- February 5, 1988 WWF on MSG Network Hulk Hogan
93%
(Undisputed) WW(F)E (World Heavyweight) Championship April 2, 1989- April 1, 1990 WrestleMania V Hulk Hogan
93%
(Undisputed) WW(F)E (World Heavyweight) Championship March 24- November 27, 1991 WrestleMania VII Hulk Hogan
93%
(Undisputed) WW(F)E (World Heavyweight) Championship December 3- 4, 1991 This Tuesday in Texas Hulk Hogan
93%
(Undisputed) WW(F)E (World Heavyweight) Championship April 4- June 13, 1993 WrestleMania IX Hulk Hogan
93%
(Undisputed) WW(F)E (World Heavyweight) Championship April 21- May 19, 2002 Backlash Hulk Hogan
93%
(Undisputed) WW(F)E (World Heavyweight) Championship June 28- 29, 1998 King of the Ring Kane
93%
World Heavyweight Championship (2002-2013) July 18- December 19, 2010 Money in the Bank Kane
93%
ECW Championship (2006-2010) March 30- June 29, 2008 WrestleMania XXIV Kane
93%
(Undisputed) WW(F)E (World Heavyweight) Championship January 19- April 5, 1992 Royal Rumble Ric Flair
93%
(Undisputed) WW(F)E (World Heavyweight) Championship September 1- October 12, 1992 Prime Time Wrestling Ric Flair
93%
(Undisputed) WW(F)E (World Heavyweight) Championship March 29- November 5, 2015 WrestleMania 31 Seth Rollins
93%
(Undisputed) WW(F)E (World Heavyweight) Championship June 19, 2016 Money in the Bank Seth Rollins
93%
Universal Championship April 7- July 14, 2019 WrestleMania 35 Seth Rollins
93%
Universal Championship August 11- October 31, 2019 SummerSlam Seth Rollins
93%
World Heavyweight Championship (2023-present) May 27, 2023- April 7, 2024 Night of Champions Seth Rollins
93%
World Heavyweight Championship (2023-present) August 2- October 20, 2025 SummerSlam (Night 1) Seth Rollins
93%
(Undisputed) WW(F)E (World Heavyweight) Championship March 31- November 17, 1996 WrestleMania XII Shawn Michaels
93%
(Undisputed) WW(F)E (World Heavyweight) Championship January 19- February 13, 1997 Royal Rumble Shawn Michaels
93%
(Undisputed) WW(F)E (World Heavyweight) Championship November 9, 1997- March 29, 1998 Survivor Series Shawn Michaels
93%
World Heavyweight Championship (2002-2013) November 17- December 15, 2002 Survivor Series Shawn Michaels
93%
(Undisputed) WW(F)E (World Heavyweight) Championship November 27- December 3, 1991 Survivor Series The Undertaker
93%
(Undisputed) WW(F)E (World Heavyweight) Championship March 23- August 3, 1997 WrestleMania 13 The Undertaker
93%
(Undisputed) WW(F)E (World Heavyweight) Championship May 23- June 28, 1999 Over the Edge The Undertaker
93%
(Undisputed) WW(F)E (World Heavyweight) Championship May 19- July 21, 2002 Judgment Day The Undertaker
93%
World Heavyweight Championship (2002-2013) April 1- May 8, 2007 WrestleMania 23 The Undertaker
93%
World Heavyweight Championship (2002-2013) March 30- April 29, 2008 WrestleMania XXIV The Undertaker
93%
World Heavyweight Championship (2002-2013) October 4, 2009- February 21, 2010 Hell in a Cell The Undertaker
93%
(Undisputed) WW(F)E (World Heavyweight) Championship November 14, 1999- January 3, 2000 Survivor Series Big Show
87%
(Undisputed) WW(F)E (World Heavyweight) Championship November 17- December 15, 2002 Survivor Series Big Show
87%
World Heavyweight Championship (2002-2013) December 18, 2011 TLC: Tables, Ladders & Chairs Big Show
87%
World Heavyweight Championship (2002-2013) October 28, 2012- January 8, 2013 Hell in a Cell Big Show
87%
ECW Championship (2006-2010) July 4- December 3, 2006 ECW Big Show
87%
(Undisputed) WW(F)E (World Heavyweight) Championship June 19- September 11, 2016 Money in the Bank Dean Ambrose
87%
(Undisputed) WW(F)E (World Heavyweight) Championship October 8- December 9, 2001 Raw "Stone Cold" Steve Austin
87%
(Undisputed) WW(F)E (World Heavyweight) Championship April 3, 2005- January 8, 2006 WrestleMania 21 John Cena
87%
(Undisputed) WW(F)E (World Heavyweight) Championship January 29- June 11, 2006 Royal Rumble John Cena
87%
(Undisputed) WW(F)E (World Heavyweight) Championship September 17, 2006- October 2, 2007 Unforgiven John Cena
87%
(Undisputed) WW(F)E (World Heavyweight) Championship September 13- October 4, 2009 Breaking Point John Cena
87%
(Undisputed) WW(F)E (World Heavyweight) Championship October 25- December 13, 2009 Bragging Rights John Cena
87%
(Undisputed) WW(F)E (World Heavyweight) Championship February 21, 2010 Elimination Chamber John Cena
87%
(Undisputed) WW(F)E (World Heavyweight) Championship March 28- June 20, 2010 WrestleMania XXVI John Cena
87%
(Undisputed) WW(F)E (World Heavyweight) Championship May 1- July 17, 2011 Extreme Rules John Cena
87%
(Undisputed) WW(F)E (World Heavyweight) Championship July 25- August 14, 2011 Raw John Cena
87%
(Undisputed) WW(F)E (World Heavyweight) Championship September 18- October 2, 2011 Night of Champions John Cena
87%
(Undisputed) WW(F)E (World Heavyweight) Championship April 7- August 18, 2013 WrestleMania 29 John Cena
87%
(Undisputed) WW(F)E (World Heavyweight) Championship June 29- August 17, 2014 Money in the Bank John Cena
87%
(Undisputed) WW(F)E (World Heavyweight) Championship January 29- February 12, 2017 Royal Rumble John Cena
87%
(Undisputed) WW(F)E (World Heavyweight) Championship April 20- August 3, 2025 WrestleMania 41 (Night 2) John Cena
87%
World Heavyweight Championship (2002-2013) November 23, 2008- February 15, 2009 Survivor Series John Cena
87%
World Heavyweight Championship (2002-2013) April 5- 26, 2009 WrestleMania 25 John Cena
87%
World Heavyweight Championship (2002-2013) October 27- December 15, 2013 Hell in a Cell John Cena
87%
(Undisputed) WW(F)E (World Heavyweight) Championship January 4- 24, 1999 Raw Mankind
87%
(Undisputed) WW(F)E (World Heavyweight) Championship January 31- February 15, 1999 Halftime Heat Mankind
87%
(Undisputed) WW(F)E (World Heavyweight) Championship August 22- 23, 1999 SummerSlam Mankind
87%
(Undisputed) WW(F)E (World Heavyweight) Championship July 25, 2011 Raw Rey Mysterio
87%
World Heavyweight Championship (2002-2013) April 2- July 23, 2006 WrestleMania 22 Rey Mysterio
87%
World Heavyweight Championship (2002-2013) June 20- July 18, 2010 Fatal 4-Way Rey Mysterio
87%
(Undisputed) WW(F)E (World Heavyweight) Championship November 22, 2015 Survivor Series Roman Reigns
87%
(Undisputed) WW(F)E (World Heavyweight) Championship December 14, 2015- January 24, 2016 Raw Roman Reigns
87%
(Undisputed) WW(F)E (World Heavyweight) Championship April 3- June 19, 2016 WrestleMania 32 Roman Reigns
87%
(Undisputed) WW(F)E (World Heavyweight) Championship April 3, 2022- April 7, 2024 WrestleMania 38 (Night 2) Roman Reigns
87%
Universal Championship August 19- October 22, 2018 SummerSlam Roman Reigns
87%
Universal Championship August 30, 2020- April 7, 2024 Payback Roman Reigns
87%
(Undisputed) WW(F)E (World Heavyweight) Championship March 29- June 28, 1998 WrestleMania XIV "Stone Cold" Steve Austin
87%
(Undisputed) WW(F)E (World Heavyweight) Championship June 29- September 27, 1998 Raw "Stone Cold" Steve Austin
87%
(Undisputed) WW(F)E (World Heavyweight) Championship March 28- May 23, 1999 WrestleMania XV "Stone Cold" Steve Austin
87%
(Undisputed) WW(F)E (World Heavyweight) Championship June 28- August 22, 1999 Raw "Stone Cold" Steve Austin
87%
(Undisputed) WW(F)E (World Heavyweight) Championship April 1- September 23, 2001 WrestleMania X-Seven "Stone Cold" Steve Austin
87%
(Undisputed) WW(F)E (World Heavyweight) Championship November 15, 1998- January 4, 1999 Survivor Series The Rock
87%
(Undisputed) WW(F)E (World Heavyweight) Championship January 24- 31, 1999 Royal Rumble The Rock
87%
(Undisputed) WW(F)E (World Heavyweight) Championship February 15- March 28, 1999 Raw The Rock
87%
(Undisputed) WW(F)E (World Heavyweight) Championship April 30- May 21, 2000 Backlash The Rock
87%
(Undisputed) WW(F)E (World Heavyweight) Championship June 25- October 22, 2000 King of the Ring The Rock
87%
(Undisputed) WW(F)E (World Heavyweight) Championship February 25- April 1, 2001 No Way Out The Rock
87%
(Undisputed) WW(F)E (World Heavyweight) Championship July 21- August 25, 2002 Vengeance The Rock
87%
(Undisputed) WW(F)E (World Heavyweight) Championship January 27- April 7, 2013 Royal Rumble The Rock
87%
(Undisputed) WW(F)E (World Heavyweight) Championship August 23- September 16, 1999 Raw Triple H
87%
(Undisputed) WW(F)E (World Heavyweight) Championship September 26- November 14, 1999 Unforgiven Triple H
87%
(Undisputed) WW(F)E (World Heavyweight) Championship January 3- April 30, 2000 Raw Triple H
87%
(Undisputed) WW(F)E (World Heavyweight) Championship May 21- June 25, 2000 Judgment Day Triple H
87%
(Undisputed) WW(F)E (World Heavyweight) Championship March 17- April 21, 2002 WrestleMania X8 Triple H
87%
(Undisputed) WW(F)E (World Heavyweight) Championship October 7, 2007 No Mercy Triple H
87%
(Undisputed) WW(F)E (World Heavyweight) Championship April 27- November 23, 2008 Backlash Triple H
87%
(Undisputed) WW(F)E (World Heavyweight) Championship February 15- April 26, 2009 No Way Out Triple H
87%
(Undisputed) WW(F)E (World Heavyweight) Championship January 24- April 3, 2016 Royal Rumble Triple H
87%
World Heavyweight Championship (2002-2013) September 2- November 17, 2002 Raw Triple H
87%
World Heavyweight Championship (2002-2013) December 15, 2002- September 21, 2003 Armageddon Triple H
87%
World Heavyweight Championship (2002-2013) December 14, 2003- March 14, 2004 Armageddon Triple H
87%
World Heavyweight Championship (2002-2013) September 12- December 6, 2004 Unforgiven Triple H
87%
World Heavyweight Championship (2002-2013) January 9- April 3, 2005 New Year's Revolution Triple H
87%
(Undisputed) WW(F)E (World Heavyweight) Championship September 11, 2016- January 29, 2017 Backlash AJ Styles
80%
(Undisputed) WW(F)E (World Heavyweight) Championship November 7, 2017- November 13, 2018 SmackDown Live AJ Styles
80%
(Undisputed) WW(F)E (World Heavyweight) Championship August 24- September 18, 2011 SummerSlam Alberto Del Rio
80%
(Undisputed) WW(F)E (World Heavyweight) Championship October 2- November 20, 2011 Hell in a Cell Alberto Del Rio
80%
World Heavyweight Championship (2002-2013) January 8- April 8, 2013 SmackDown Alberto Del Rio
80%
World Heavyweight Championship (2002-2013) June 16- October 27, 2013 Payback Alberto Del Rio
80%
(Undisputed) WW(F)E (World Heavyweight) Championship June 7- 9, 2009 Extreme Rules Batista
80%
(Undisputed) WW(F)E (World Heavyweight) Championship February 21- March 28, 2010 Elimination Chamber Batista
80%
World Heavyweight Championship (2002-2013) April 3, 2005- January 10, 2006 WrestleMania 21 Batista
80%
World Heavyweight Championship (2002-2013) November 26, 2006- April 1, 2007 Survivor Series Batista
80%
World Heavyweight Championship (2002-2013) September 16- December 16, 2007 Unforgiven Batista
80%
World Heavyweight Championship (2002-2013) October 26- November 3, 2008 Cyber Sunday Batista
80%
(Undisputed) WW(F)E (World Heavyweight) Championship May 17, 1963- January 18, 1971 House show Bruno Sammartino
80%
(Undisputed) WW(F)E (World Heavyweight) Championship December 10, 1973- April 30, 1977 House show Bruno Sammartino
80%
World Heavyweight Championship (2002-2013) March 14- August 15, 2004 WrestleMania XX Chris Benoit
80%
(Undisputed) WW(F)E (World Heavyweight) Championship July 17- August 14, 2011 Money in the Bank CM Punk
80%
(Undisputed) WW(F)E (World Heavyweight) Championship November 20, 2011- January 27, 2013 Survivor Series CM Punk
80%
World Heavyweight Championship (2002-2013) June 30- September 7, 2008 Raw CM Punk
80%
World Heavyweight Championship (2002-2013) June 7- July 26, 2009 Extreme Rules CM Punk
80%
World Heavyweight Championship (2002-2013) August 23- October 4, 2009 SummerSlam CM Punk
80%
ECW Championship (2006-2010) September 1, 2007- January 22, 2008 ECW CM Punk
80%
World Heavyweight Championship (2023-present) August 2, 2025 SummerSlam (Night 1) CM Punk
80%
World Heavyweight Championship (2023-present) November 1, 2025- present Saturday Night's Main Even XLI CM Punk
80%
(Undisputed) WW(F)E (World Heavyweight) Championship April 7, 2024- April 20, 2025 WrestleMania XL (Night 2) Cody Rhodes
80%
(Undisputed) WW(F)E (World Heavyweight) Championship August 3, 2025- January 9, 2026 SummerSlam (Night 2) Cody Rhodes
80%
(Undisputed) WW(F)E (World Heavyweight) Championship March 6, 2026- present SmackDown Cody Rhodes
80%
(Undisputed) WW(F)E (World Heavyweight) Championship August 18, 2013 SummerSlam Daniel Bryan
80%
(Undisputed) WW(F)E (World Heavyweight) Championship September 15- 16, 2013 Night of Champions Daniel Bryan
80%
(Undisputed) WW(F)E (World Heavyweight) Championship April 6- June 9, 2014 WrestleMania XXX Daniel Bryan
80%
(Undisputed) WW(F)E (World Heavyweight) Championship November 13, 2018- April 7, 2019 SmackDown Live Daniel Bryan
80%
World Heavyweight Championship (2002-2013) December 18, 2011- April 1, 2012 TLC: Tables, Ladders & Chairs Daniel Bryan
80%
(Undisputed) WW(F)E (World Heavyweight) Championship February 15- June 27, 2004 No Way Out Eddie Guerrero
80%
World Heavyweight Championship (2002-2013) September 21- December 14, 2003 Unforgiven Goldberg
80%
Universal Championship March 5- April 2, 2017 Fastlane Goldberg
80%
Universal Championship February 27- April 4, 2020 Super ShowDown Goldberg
80%
(Undisputed) WW(F)E (World Heavyweight) Championship December 14, 2008- January 25, 2009 Armageddon Jeff Hardy
80%
World Heavyweight Championship (2002-2013) June 7, 2009 Extreme Rules Jeff Hardy
80%
World Heavyweight Championship (2002-2013) July 26- August 23, 2009 Night of Champions Jeff Hardy
80%
World Heavyweight Championship (2023-present) April 19- June 9, 2025 WrestleMania 41 (Night 1) Jey Uso
80%
(Undisputed) WW(F)E (World Heavyweight) Championship October 7, 2007 No Mercy Randy Orton
80%
(Undisputed) WW(F)E (World Heavyweight) Championship October 7, 2007- April 27, 2008 No Mercy Randy Orton
80%
(Undisputed) WW(F)E (World Heavyweight) Championship April 26- June 7, 2009 Backlash Randy Orton
80%
(Undisputed) WW(F)E (World Heavyweight) Championship June 15- September 13, 2009 Raw Randy Orton
80%
(Undisputed) WW(F)E (World Heavyweight) Championship October 4- 25, 2009 Hell in a Cell Randy Orton
80%
(Undisputed) WW(F)E (World Heavyweight) Championship September 19- November 22, 2010 Night of Champions Randy Orton
80%
(Undisputed) WW(F)E (World Heavyweight) Championship August 18- September 15, 2013 SummerSlam Randy Orton
80%
(Undisputed) WW(F)E (World Heavyweight) Championship October 27, 2013- April 6, 2014 Hell in a Cell Randy Orton
80%
(Undisputed) WW(F)E (World Heavyweight) Championship April 2- May 21, 2017 WrestleMania 33 Randy Orton
80%
(Undisputed) WW(F)E (World Heavyweight) Championship October 25- November 16, 2020 Hell in a Cell Randy Orton
80%
World Heavyweight Championship (2002-2013) August 15- September 12, 2004 SummerSlam Randy Orton
80%
World Heavyweight Championship (2002-2013) May 6- July 17, 2011 SmackDown Randy Orton
80%
World Heavyweight Championship (2002-2013) August 14- September 18, 2011 SummerSlam Randy Orton
80%
World Heavyweight Championship (2002-2013) December 15, 2013 TLC: Tables, Ladders & Chairs Randy Orton
80%
(Undisputed) WW(F)E (World Heavyweight) Championship March 27, 1988- April 2, 1989 WrestleMania IV Randy Savage
80%
(Undisputed) WW(F)E (World Heavyweight) Championship April 5- September 1, 1992 WrestleMania VIII Randy Savage
80%
(Undisputed) WW(F)E (World Heavyweight) Championship December 13, 2009- February 21, 2010 TLC: Tables, Ladders & Chairs Sheamus
80%
(Undisputed) WW(F)E (World Heavyweight) Championship June 20- September 19, 2010 Fatal 4-Way Sheamus
80%
(Undisputed) WW(F)E (World Heavyweight) Championship November 22- December 14, 2015 Survivor Series Sheamus
80%
World Heavyweight Championship (2002-2013) April 1- October 28, 2012 WrestleMania XXVIII Sheamus
80%
(Undisputed) WW(F)E (World Heavyweight) Championship April 1, 1990- January 19, 1991 WrestleMania VI The Ultimate Warrior
80%
(Undisputed) WW(F)E (World Heavyweight) Championship February 5, 1988 The Main Event I Andre the Giant
73%
(Undisputed) WW(F)E (World Heavyweight) Championship September 13, 2021- January 1, 2022 Raw Big E
73%
(Undisputed) WW(F)E (World Heavyweight) Championship March 1- September 13, 2021 Raw Bobby Lashley
73%
(Undisputed) WW(F)E (World Heavyweight) Championship January 29- February 19, 2022 Royal Rumble Bobby Lashley
73%
ECW Championship (2006-2010) December 3, 2006- April 29, 2007 December to Dismember Bobby Lashley
73%
ECW Championship (2006-2010) June 3- 11, 2007 One Night Stand Bobby Lashley
73%
(Undisputed) WW(F)E (World Heavyweight) Championship February 12- April 2, 2017 Elimination Chamber Bray Wyatt
73%
Universal Championship October 31, 2019- February 27, 2020 Crown Jewel Bray Wyatt
73%
Universal Championship August 23- 30, 2020 SummerSlam Bray Wyatt
73%
(Undisputed) WW(F)E (World Heavyweight) Championship November 26, 1994- November 19, 1995 House show Diesel
73%
World Heavyweight Championship (2023-present) August 3, 2024- April 19, 2025 SummerSlam Gunther
73%
World Heavyweight Championship (2023-present) June 9- August 2, 2025 Raw Gunther
73%
(Undisputed) WW(F)E (World Heavyweight) Championship June 27, 2004- April 3, 2005 The Great American Bash John "Bradshaw" Layfield
73%
(Undisputed) WW(F)E (World Heavyweight) Championship April 7- October 4, 2019 WrestleMania 35 Kofi Kingston
73%
(Undisputed) WW(F)E (World Heavyweight) Championship October 22, 2000- February 25, 2001 No Mercy Kurt Angle
73%
(Undisputed) WW(F)E (World Heavyweight) Championship September 23- October 8, 2001 Unforgiven Kurt Angle
73%
(Undisputed) WW(F)E (World Heavyweight) Championship December 15, 2002- March 30, 2003 Armageddon Kurt Angle
73%
(Undisputed) WW(F)E (World Heavyweight) Championship July 27- September 18, 2003 Vengeance Kurt Angle
73%
World Heavyweight Championship (2002-2013) January 10- April 2, 2006 SmackDown Kurt Angle
73%
(Undisputed) WW(F)E (World Heavyweight) Championship April 4, 1993 WrestleMania IX Yokozuna
73%
(Undisputed) WW(F)E (World Heavyweight) Championship June 13, 1993- March 20, 1994 King of the Ring Yokozuna
73%
(Undisputed) WW(F)E (World Heavyweight) Championship February 20, 1978- December 26, 1983 WWF on MSG Network Bob Backlund
67%
(Undisputed) WW(F)E (World Heavyweight) Championship November 23- 26, 1994 Survivor Series Bob Backlund
67%
World Heavyweight Championship (2023-present) April 7- August 3, 2024 WrestleMania XL (Night 2) Damian Priest
67%
World Heavyweight Championship (2002-2013) February 18, 2011 SmackDown Dolph Ziggler
67%
World Heavyweight Championship (2002-2013) April 8- June 16, 2013 Raw Dolph Ziggler
67%
(Undisputed) WW(F)E (World Heavyweight) Championship May 21- November 7, 2017 Backlash Jinder Mahal
67%
Universal Championship August 29, 2016- March 5, 2017 Raw Kevin Owens
67%
World Heavyweight Championship (2002-2013) September 18- December 18, 2011 Night of Champions Mark Henry
67%
ECW Championship (2006-2010) June 29- September 7, 2008 Night of Champions Mark Henry
67%
(Undisputed) WW(F)E (World Heavyweight) Championship June 11- July 3, 2006 ECW One Night Stand Rob Van Dam
67%
ECW Championship (2006-2010) June 13- July 4, 2006 ECW Rob Van Dam
67%
(Undisputed) WW(F)E (World Heavyweight) Championship January 19- March 24, 1991 Royal Rumble Sgt. Slaughter
67%
(Undisputed) WW(F)E (World Heavyweight) Championship December 26, 1983- January 23, 1984 WWF on MSG Network The Iron Sheik
67%
(Undisputed) WW(F)E (World Heavyweight) Championship November 22, 2010- May 1, 2011 Raw The Miz
67%
(Undisputed) WW(F)E (World Heavyweight) Championship February 21- March 1, 2021 Elimination Chamber The Miz
67%
(Undisputed) WW(F)E (World Heavyweight) Championship September 16- 20, 1999 SmackDown Vince McMahon
67%
ECW Championship (2006-2010) April 29- June 3, 2007 Backlash Vince McMahon
67%
World Heavyweight Championship (2002-2013) May 1- 6, 2011 Extreme Rules Christian
60%
World Heavyweight Championship (2002-2013) July 17- August 14, 2011 Money in the Bank Christian
60%
ECW Championship (2006-2010) April 26- June 7, 2009 Backlash Christian
60%
ECW Championship (2006-2010) July 26, 2009- February 16, 2010 Night of Champions Christian
60%
Universal Championship August 21- 22, 2016 SummerSlam Finn Balor
60%
(Undisputed) WW(F)E (World Heavyweight) Championship November 17, 1996- January 19, 1997 Survivor Series Sycho Sid
60%
(Undisputed) WW(F)E (World Heavyweight) Championship February 17- March 23, 1997 Raw Sycho Sid
60%
Universal Championship April 4- August 23, 2020 WrestleMania 36 (Night 1) Braun Strowman
53%
World Heavyweight Championship (2002-2013) April 2- June 20, 2010 SmackDown Jack Swagger
53%
ECW Championship (2006-2010) January 13- April 26, 2009 ECW Jack Swagger
53%
(Undisputed) WW(F)E (World Heavyweight) Championship April 25- May 17, 1963 Heavyweight Wrestling Buddy Rogers
47%
ECW Championship (2006-2010) September 7, 2008- January 13, 2009 Unforgiven Matt Hardy
47%
(Undisputed) WW(F)E (World Heavyweight) Championship February 8, 1971- December 1, 1973 House show Pedro Morales
47%
World Heavyweight Championship (2002-2013) July 17- September 16, 2007 SmackDown The Great Khali
47%
ECW Championship (2006-2010) February 16, 2010 ECW Ezekiel Jackson
40%
(Undisputed) WW(F)E (World Heavyweight) Championship January 18- February 8, 1971 House show Ivan Koloff
40%
World Heavyweight Championship (2002-2013) July 23- November 26, 2006 The Great American Bash King Booker
40%
ECW Championship (2006-2010) June 7- July 26, 2009 Extreme Rules Tommy Dreamer
40%
(Undisputed) WW(F)E (World Heavyweight) Championship April 30, 1977- February 20, 1978 House show "Superstar" Billy Graham
33%
ECW Championship (2006-2010) January 22- March 30, 2008 ECW Chavo Guerrero
27%
ECW Championship (2006-2010) June 24- September 1, 2007 Vengeance: Night of Champions John Morrison
27%
(Undisputed) WW(F)E (World Heavyweight) Championship December 1- 10, 1973 House show Sean Stasiak
7%
No matching quizzes found
Score Distribution
Percent of People with Each Score
Percentile by Number Answered
Your Score History
You have not taken this quiz